| 000 | 01136pam a2200313 a 4500 | ||
|---|---|---|---|
| 001 | 11172 | ||
| 003 | BD-RjUL | ||
| 005 | 20211208235101.0 | ||
| 008 | 140126s1997 enka b 001 0 eng | ||
| 020 | _a0521412714 (hardcover) | ||
| 020 | _a0521423597 (pbk.) | ||
| 035 | _a(BD-RjUL)11221 | ||
| 040 |
_aDLC _cDLC _dDLC _dBD-RjUL _beng |
||
| 041 | _aeng | ||
| 082 | 0 | 0 |
_a548.83 _220 _bWOI 1997 |
| 100 | 1 |
_aWoolfson, M. M. _934562 |
|
| 245 | 1 | 3 |
_aAn introduction to X-ray crystallography / _cM.M. Woolfson. |
| 246 | 3 | 0 | _aX-ray crystallography |
| 250 | _a2nd ed. | ||
| 260 |
_aCambridge ; _aNew York, NY, USA : _bCambridge University Press, _cc1997. |
||
| 300 |
_axii, 402 p. : _bill. ; _c25 cm. |
||
| 504 | _aIncludes bibliographical references (p. 397-398) and index. | ||
| 650 | 0 |
_aX-ray crystallography. _932004 |
|
| 856 | 4 | 1 |
_3Sample text _uhttp://www.loc.gov/catdir/samples/cam034/96005700.html |
| 856 | 4 | 2 |
_3Publisher description _uhttp://www.loc.gov/catdir/description/cam027/96005700.html |
| 856 | 4 | 1 |
_3Table of contents _uhttp://www.loc.gov/catdir/toc/cam021/96005700.html |
| 942 |
_2ddc _cBK _03 |
||
| 999 |
_c11172 _d11172 |
||